Cómo enseñar a leer en las escuelas elementales: técnicas provechosas

Uloženo v:
Podrobná bibliografie
Hlavní autor: Vogts, Caroline Foley (Autor)
Médium: Kniha
Jazyk:španělština
Vydáno: Ciudad de México UTEHA 1968
Edice:Manual UTEHA Breve, Sección 17, 392
Témata:
Tagy: Přidat tag
Žádné tagy, Buďte první, kdo vytvoří štítek k tomuto záznamu!

MARC

LEADER 00000nam a2200000 a 4500
001 UCU0062
003 CL-VaPUC
008 960315e19680000MX |||||||||||||||||spa|d
082 0 4 |a 372.4  |b VOG  |2 21 
100 0 |a Vogts, Caroline Foley  |e author  |9 355026 
245 1 0 |a Cómo enseñar a leer en las escuelas elementales: técnicas provechosas 
300 |a 85 p 
942 |c BK 
945 |d 19960315 00:00:00  |a lriquelm 
260 |a Ciudad de México  |b UTEHA  |c 1968 
650 0 |a Enseñanza de la lectura  |9 308364 
650 0 |a Lectura  |9 307634 
650 0 |a Métodos de enseñanza  |9 270413 
650 0 |a Educación básica   |9 224933 
583 |a last modification  |c 19960315 00:00:00  |k Rodrigo Vera 
490 0 |a Manual UTEHA Breve, Sección 17, 392 
999 |c 245011  |d 245009 
952 |0 0  |1 0  |4 0  |6 372_400000000000000_VOG_1968  |7 0  |8 P  |9 259338  |a BIBEDU  |b BIBEDU  |c BIBEDU_PB  |d 2019-11-19  |i 1633228  |o 372.4 VOG 1968  |p 1633228  |r 2024-01-25  |w 2019-11-19  |y BK  |k EDU